000 01008nam a22002537a 4500
999 _c5594
_d5594
003 OSt
005 20251009084328.0
008 251009b ||||| |||| 00| 0 eng d
020 _a9781409591528
040 _cKH8
082 _aFIC DAY
100 _aDaynes, Katie,
_eauthor.
245 _aAladdin & His Magical Lamp /
_cretold by Katie Daynes ; illustrated by Paddy Mounter.
260 _aEngland ;
_bUsborne Publishing Ltd ,
_c2007.
300 _a48 pages :
_bcolor illustrations ;
_c20 cm.
490 _aUsborne Young Reading
_vSeries one
520 _aWhen Aladdin meets his long-lost uncle, he finds a magic lamp that changes his life. Inside is a genie with the power to grant wishes. But can even the genie help Aladdin win the Sultan's daughter? And is his long-l9ost uncle all he seems...?
650 _aEasy reading
_vfiction
650 _astory telling
_vfiction
650 _aMagical genie
700 _aMounter, Paddy,
_eillustrator.
830 _aUsborne Young Reading
942 _2ddc
_cFIC